Дело о высочайшем разрешении на ангажемент итальянских певцов на сезон 1847 года, если будут желающие на абонемент

Доступно только в Электронных читальных залах Найти на картеНа карте
RUSMARC
00003770nmc2a22000003x 450
001f1f4e6ad-e871-4ae3-b809-c55724f09422
00520181226120026.0
100##$a20170628l18471847k l0rusy0189 ca
1010#$arus
102##$aRU
2001#$aДело о высочайшем разрешении на ангажемент итальянских певцов на сезон 1847 года, если будут желающие на абонемент
$j2-5 января 1847 г.
251##$cДело
300##$aПо Канцелярии директора за 1847 год
300##$aДело
801#0$aRU
$bРГИА
$c20170628
$gRCR
801#1$aRU
$bГлавНИВЦ
$c20170628
$2rusmarc
801#2$aRU
$bПБ им. Б.Н. Ельцина
$c20181226
$gRCR
$2rusmarc
850##$aРГИА
852##$aРГИА
$eФедеральное казенное учреждение "Российский государственный исторический архив" (РГИА)
$j11451
937##$hРГИА
$d12247336
$aASBIBLIO_SCAN
462#0$1001dd3991dc-24e1-42ec-8838-ca4255420416
$12001
$aДирекция императорских театров (1746-1850 гг.)
$1251
$cОпись
$1852
$j1
461#0$10019264ebf8-de62-4f1a-9eb4-9f22098dbbd5
$12001
$aДирекция императорских театров Министерства императорского двора
$1251
$cФонд
$1852
$j497
215##$a5 л.
$d36,5х26 см
371##$aДокумент не является опубликованным и широко распространяемым
105##$ay###
1222#$ad
035##$af1f4e6ad-e871-4ae3-b809-c55724f09422
856##$uhttp://readingroom.main.prlib.ru/item.aspx?id_node=n122427704&mode=full
Формат отображения